[Event "Eindhoven WLC op 13th"]
[Site "Eindhoven"]
[Date "2023.05.05"]
[Round "1"]
[White "Blijlevens, Pim"]
[Black "Senders, Justin"]
[Result "1-0"]
[WhiteElo "1894"]
[BlackElo "2173"]
[PlyCount "94"]
[EventDate "2023.05.05"]
[EventType "swiss"]
[EventRounds "6"]
[EventCountry "NED"]
[SourceTitle "CBM 214 Extra"]
[Source "ChessBase"]
[SourceDate "2023.07.31"]
[SourceVersion "1"]
[SourceVersionDate "2023.07.31"]
[SourceQuality "1"]

1. d4 Nf6 2. c4 Nc6 3. Nf3 e6 4. Nc3 Bb4 5. Qc2 0-0 6. Bg5 d6 7. a3 Bxc3+ 8. Qxc3 Qe7 9. e3 e5 10. d5 Nb8 11. Qc2 a5 12. b3 Bg4 13. Be2 Nbd7 14. Nd2 Bxe2 15. Kxe2 e4 16. Bh4 Qe5 17. Bxf6 Nxf6 18. h3 Rfe8 19. Raf1 c6 20. dxc6 bxc6 21. Rc1 Qc5 22. Qb2 Rab8 23. Rhd1 Nd7 24. Rb1 Qh5+ 25. Kf1 Nc5 26. Qd4 Re6 27. b4 axb4 28. axb4 Rxb4 29. Nxe4 Rxb1 30. Rxb1 h6 31. Nxd6 Kh7 32. Nxf7 Re4 33. Qd6 Qxf7 34. Qxc5 Rxc4 35. Qe5 Qg6 36. Rd1 Rc2 37. Qd4 Kh8 38. Kg1 Ra2 39. Qd8+ Kh7 40. Qf8 Qe6 41. Qd6 Qf5 42. Rd2 Rxd2 43. Qxd2 c5 44. Kf1 Qb1+ 45. Ke2 c4 46. g4 Qb3 47. h4 Qb5 1-0

[Event "NED-chT 1819"]
[Site "Netherlands"]
[Date "2019.02.09"]
[Round "6.10"]
[White "Senders, Justin"]
[Black "Erwich, Frank"]
[Result "0-1"]
[WhiteElo "2162"]
[BlackElo "2345"]
[PlyCount "102"]
[EventDate "2018.09.15"]
[EventType "team-tourn"]
[EventRounds "9"]
[EventCountry "NED"]
[SourceTitle "CBM 189 Extra"]
[Source "ChessBase"]
[SourceDate "2019.05.31"]
[SourceVersion "1"]
[SourceVersionDate "2019.05.31"]
[SourceQuality "1"]
[WhiteTeam "Calder HMC"]
[BlackTeam "BSG"]
[WhiteTeamCountry "NED"]
[BlackTeamCountry "NED"]

1. e4 e5 2. Nf3 Nc6 3. d4 exd4 4. Bc4 Nf6 5. e5 Ng4 6. Bf4 d6 7. 0-0 Ngxe5 8. Re1 Be7 9. Nxe5 dxe5 10. Bxe5 Nxe5 11. Rxe5 0-0 12. Rd5 Qe8 13. Re5 Qd7 14. Rd5 Qc6 15. Nd2 Be6 16. Rxd4 Bf6 17. Re4 Bf5 18. Rf4 Bg6 19. Qf3 Qb6 20. Bb3 Bg5 21. Nc4 Qc5 22. Rg4 Bh5 23. Rxg5 Qxg5 24. Qxb7 Qc5 25. Ne3 Rad8 26. Bd5 Rfe8 27. c4 a5 28. Rf1 Rd6 29. b3 h6 30. g3 c6 31. Bg2 Bg6 32. a3 Rde6 33. b4 axb4 34. axb4 Qd6 35. Rd1 Qxd1+ 36. Nxd1 Re1+ 37. Bf1 Rxd1 38. Qxc6 Ree1 39. Qc8+ Kh7 40. Kg2 Rxf1 41. f3 Bd3 42. g4 Rd2+ 43. Kg3 g5 44. Qc5 Be2 45. Qf5+ Kg8 46. Qc8+ Kg7 47. Qc5 Rxf3+ 48. Kg2 Rf6 49. Qe3 Bf1+ 50. Kg1 Rg2+ 51. Kh1 Rxg4 0-1

[Event "Delft Prinsenstad op-B 9th"]
[Site "Delft"]
[Date "2016.03.26"]
[Round "5"]
[White "Senders, Justin"]
[Black "De Boer, Eelke"]
[Result "0-1"]
[WhiteElo "1990"]
[BlackElo "1933"]
[PlyCount "70"]
[EventDate "2016.03.27"]
[EventType "swiss"]
[EventRounds "6"]
[EventCountry "NED"]
[SourceTitle "EXT 2018"]
[Source "ChessBase"]
[SourceDate "2017.10.13"]
[SourceVersion "1"]
[SourceVersionDate "2017.10.13"]
[SourceQuality "1"]

1. e4 e6 2. d4 d5 3. Nc3 Bb4 4. e5 c5 5. a3 Bxc3+ 6. bxc3 Qa5 7. Bd2 Qa4 8. Qb1 c4 9. f4 Nc6 10. Nf3 Bd7 11. g3 0-0-0 12. Bh3 h6 13. 0-0 f5 14. g4 g6 15. gxf5 gxf5 16. Kh1 Nge7 17. Rg1 Rhg8 18. Qb2 Rdf8 19. Nh4 Be8 20. Rg3 Bh5 21. Rag1 Kc7 22. Rb1 b6 23. Rbg1 a6 24. Be1 Kb7 25. Bf2 Rxg3 26. hxg3 Nc8 27. Be3 Rg8 28. g4 fxg4 29. f5 N6e7 30. Bg2 exf5 31. Nxf5 Nxf5 32. Bxd5+ Kc7 33. Bxg8 Nxe3 34. Qc1 Qc6+ 35. Kh2 Qf3 0-1

[Event "Delft Prinsenstad op-B 9th"]
[Site "Delft"]
[Date "2016.03.25"]
[Round "1"]
[White "Senders, Justin"]
[Black "Friesen, Philippe"]
[Result "1/2-1/2"]
[WhiteElo "1990"]
[BlackElo "1848"]
[PlyCount "103"]
[EventDate "2016.03.27"]
[EventType "swiss"]
[EventRounds "6"]
[EventCountry "NED"]
[SourceTitle "EXT 2018"]
[Source "ChessBase"]
[SourceDate "2017.10.13"]
[SourceVersion "1"]
[SourceVersionDate "2017.10.13"]
[SourceQuality "1"]

1. e4 d5 2. exd5 Nf6 3. d4 Nxd5 4. c4 Nb6 5. Nf3 g6 6. Nc3 Bg7 7. c5 Nd5 8. Bc4 c6 9. Qb3 e6 10. 0-0 0-0 11. Re1 Qc7 12. Bg5 Nd7 13. Bxd5 exd5 14. Be7 Re8 15. Bd6 Rxe1+ 16. Rxe1 Qd8 17. Be7 Qc7 18. g3 Nf6 19. Bd6 Qd7 20. Re7 Qg4 21. Ne2 Bf8 22. Rxf7 Bxd6 23. Rxf6 Bc7 24. Qe3 Qe4 25. Nd2 Qxe3 26. fxe3 Bf5 27. g4 Kg7 28. Rxf5 gxf5 29. gxf5 Kf6 30. Ng3 Bxg3 31. hxg3 Kxf5 32. Kg2 Re8 33. Kf3 h5 34. b4 b6 35. Nb3 Re4 36. a4 h4 37. gxh4 Rxh4 38. cxb6 axb6 39. a5 bxa5 40. bxa5 Rh3+ 41. Ke2 Rh2+ 42. Kd3 Rh8 43. Nc5 Ra8 44. a6 Ra7 45. Kc3 Kg4 46. Kb4 Kf3 47. Ka5 Kxe3 48. Kb6 Rxa6+ 49. Kxa6 Kxd4 50. Kb6 Kc4 51. Kxc6 d4 52. Kd6 1/2-1/2

[Event "Paleochora op 8th"]
[Site "Paleochora"]
[Date "2015.07.19"]
[Round "4"]
[White "Stopa, Jacek"]
[Black "Senders, Justin"]
[Result "1-0"]
[WhiteElo "2541"]
[BlackElo "1989"]
[PlyCount "105"]
[EventDate "2015.07.17"]
[EventType "swiss"]
[EventRounds "9"]
[EventCountry "GRE"]
[SourceTitle "CBM 167 Extra"]
[Source "ChessBase"]
[SourceDate "2015.09.14"]
[SourceVersion "1"]
[SourceVersionDate "2015.09.14"]
[SourceQuality "1"]

1. d4 Nf6 2. c4 g6 3. f3 Bg7 4. e4 d6 5. Ne2 0-0 6. Nbc3 e5 7. Bg5 h6 8. Be3 c6 9. d5 c5 10. Qd2 Kh7 11. g4 Bxg4 12. fxg4 Nxg4 13. 0-0-0 Nxe3 14. Qxe3 h5 15. Kb1 a6 16. Ng1 Nd7 17. h4 Bh6 18. Qg3 Nf6 19. Be2 b5 20. Qg2 Qa5 21. Rf1 b4 22. Nd1 b3 23. axb3 Qd2 24. Nc3 Ng4 25. Rd1 Ne3 26. Rxd2 Nxg2 27. Rd3 Rab8 28. Rg3 Ne3 29. Rhh3 Rxb3 30. Rxe3 Bxe3 31. Rxe3 Rfb8 32. Nd1 Rxe3 33. Nxe3 Rb3 34. Nf1 Kh6 35. Kc2 Rb8 36. Ne3 a5 37. Nf3 f6 38. Nd2 a4 39. Nb1 Rf8 40. Bd3 Rb8 41. Nc3 Ra8 42. Nb5 Ra6 43. Be2 Kg7 44. Kb1 Kf7 45. Ka2 Ke7 46. Ka3 Kd7 47. Nc3 Ra8 48. Nxa4 Rh8 49. b4 cxb4+ 50. Kxb4 Rb8+ 51. Kc3 Rb1 52. Bd1 Ra1 53. Kb2 1-0

[Event "Maastricht Limburg op-B 9th"]
[Site "Maastricht"]
[Date "2015.05.24"]
[Round "5"]
[White "Jansen, Ingeborg"]
[Black "Senders, Justin"]
[Result "1/2-1/2"]
[WhiteElo "1840"]
[BlackElo "1986"]
[PlyCount "59"]
[EventDate "2015.05.22"]
[EventType "swiss"]
[EventRounds "7"]
[EventCountry "NED"]
[SourceTitle "EXT 2016"]
[Source "ChessBase"]
[SourceDate "2015.10.08"]
[SourceVersion "1"]
[SourceVersionDate "2015.10.08"]
[SourceQuality "1"]

1. e4 Nf6 2. e5 Nd5 3. c4 Nb6 4. d4 d6 5. exd6 cxd6 6. a4 g6 7. Be3 Bg7 8. Nc3 0-0 9. h3 Nc6 10. Nf3 e5 11. d5 Ne7 12. a5 Nd7 13. Ne4 Nf5 14. Bg5 f6 15. Bd2 Re8 16. g4 Nd4 17. Nxd6 Nxf3+ 18. Qxf3 e4 19. Qa3 Bf8 20. Bb4 Re5 21. Nxc8 Bxb4+ 22. Qxb4 Rxc8 23. Be2 e3 24. f3 f5 25. h4 fxg4 26. fxg4 Nc5 27. Qc3 Qd6 28. 0-0-0 Ne4 29. Qxe3 Nc5 30. Qg3 1/2-1/2

[Event "Leiden SB-chA"]
[Site "Leiden"]
[Date "2015.05.19"]
[Round "1"]
[White "Heemskerk, Wim"]
[Black "Senders, Justin"]
[Result "1-0"]
[WhiteElo "2168"]
[BlackElo "1937"]
[PlyCount "53"]
[EventDate "2015.05.19"]
[EventType "swiss"]
[EventRounds "7"]
[EventCountry "NED"]
[SourceTitle "EXT 2018"]
[Source "ChessBase"]
[SourceDate "2017.10.13"]
[SourceVersion "1"]
[SourceVersionDate "2017.10.13"]
[SourceQuality "1"]

1. Nf3 Nf6 2. c4 g6 3. g3 Bg7 4. Bg2 0-0 5. 0-0 d6 6. d4 Nc6 7. Nc3 Bd7 8. Bf4 Rb8 9. Rc1 a6 10. Qd2 Re8 11. Rfd1 b5 12. Nd5 bxc4 13. Nxf6+ exf6 14. Rxc4 Ne7 15. d5 Bb5 16. Re4 Nc8 17. Rxe8+ Qxe8 18. Nd4 f5 19. Rc1 Rb7 20. Rc2 Nb6 21. b3 Bd7 22. h4 Nc8 23. Ne6 fxe6 24. dxe6 Rb6 25. exd7 Qxd7 26. Bc6 Qe7 27. Bg5 1-0

[Event "NED-ch U21"]
[Site "Rotterdam"]
[Date "2015.05.04"]
[Round "4"]
[White "Lentjes, Noud"]
[Black "Senders, Justin"]
[Result "1-0"]
[WhiteElo "2091"]
[BlackElo "1986"]
[PlyCount "55"]
[EventDate "2015.05.02"]
[EventType "swiss"]
[EventRounds "9"]
[EventCountry "NED"]
[SourceTitle "EXT 2016"]
[Source "ChessBase"]
[SourceDate "2015.10.08"]
[SourceVersion "1"]
[SourceVersionDate "2015.10.08"]
[SourceQuality "1"]

1. e4 e6 2. d4 d5 3. Nd2 Nf6 4. Bd3 Be7 5. Ne2 c5 6. dxc5 Bxc5 7. 0-0 0-0 8. exd5 exd5 9. Nb3 Bd6 10. Ng3 Bg4 11. f3 Bxg3 12. fxg4 Bc7 13. Qf3 Ne4 14. c4 Qh4 15. g3 Qh3 16. cxd5 Bb6+ 17. Kh1 Nf6 18. Bf5 g6 19. g5 gxf5 20. gxf6 Re8 21. Bd2 Nd7 22. Bc3 Kh8 23. Rae1 Re4 24. Nd2 Rg4 25. Qxf5 Rag8 26. Nf3 Be3 27. Qxd7 Qh5 28. Ne5 1-0

[Event "Leiden Noteboom Memorial 75th"]
[Site "Leiden"]
[Date "2015.02.15"]
[Round "5"]
[White "Werle, Jan"]
[Black "Senders, Justin"]
[Result "1-0"]
[WhiteElo "2511"]
[BlackElo "1991"]
[PlyCount "41"]
[EventDate "2015.02.13"]
[EventType "swiss"]
[EventRounds "6"]
[EventCountry "NED"]
[SourceTitle "CBM 164 Extra"]
[Source "ChessBase"]
[SourceDate "2015.03.02"]
[SourceVersion "1"]
[SourceVersionDate "2015.03.02"]
[SourceQuality "1"]

1. d4 Nf6 2. c4 e6 3. Nc3 Bb4 4. e3 0-0 5. Bd3 d5 6. Nf3 c5 7. 0-0 dxc4 8. Bxc4 Nbd7 9. a3 Bxc3 10. bxc3 b6 11. Bd3 Bb7 12. Bb2 Qc7 13. Qe2 e5 14. Nxe5 Nxe5 15. dxe5 Qxe5 16. c4 Qe7 17. Rad1 Be4 18. Bxe4 Nxe4 19. Rd5 f6 20. Rfd1 Rad8 21. Qd3 1-0

[Event "Maastricht Limburg op-B 8th"]
[Site "Maastricht"]
[Date "2014.06.09"]
[Round "7"]
[White "Senders, Justin"]
[Black "Verhoef, Pieter"]
[Result "1/2-1/2"]
[WhiteElo "1957"]
[BlackElo "1893"]
[PlyCount "77"]
[EventDate "2014.06.06"]
[EventType "swiss"]
[EventRounds "7"]
[EventCountry "NED"]
[SourceTitle "EXT 2015"]
[Source "ChessBase"]
[SourceDate "2014.11.20"]
[SourceVersion "1"]
[SourceVersionDate "2014.11.20"]
[SourceQuality "1"]

1. e4 e5 2. Nf3 Nf6 3. Nxe5 d6 4. Nf3 Nxe4 5. Nc3 Nxc3 6. dxc3 Be7 7. Be3 0-0 8. Qd2 Nc6 9. 0-0-0 Ne5 10. Nd4 c5 11. Nb5 Be6 12. a3 Qb6 13. a4 a6 14. Na3 Qa5 15. b3 c4 16. Kb2 d5 17. Ra1 Rfc8 18. b4 Qxa4 19. Bd4 Nd7 20. Nxc4 Qc6 21. Na5 Qc7 22. Nb3 Ne5 23. Qe3 Nc4+ 24. Bxc4 Qxc4 25. Nc5 Bxc5 26. Bxc5 a5 27. Bd4 axb4 28. Rxa8 bxc3+ 29. Bxc3 Rxa8 30. Qe5 d4 31. Qxd4 Qxd4 32. Bxd4 Bd5 33. Rg1 Rc8 34. g3 Be4 35. c3 Bd5 36. Re1 b5 37. Re5 Bc4 38. Rg5 g6 39. Re5 1/2-1/2

[Event "Maastricht Limburg op-B 8th"]
[Site "Maastricht"]
[Date "2014.06.08"]
[Round "4"]
[White "Luig, Benjamin"]
[Black "Senders, Justin"]
[Result "1-0"]
[WhiteElo "1844"]
[BlackElo "1957"]
[PlyCount "45"]
[EventDate "2014.06.06"]
[EventType "swiss"]
[EventRounds "7"]
[EventCountry "NED"]
[SourceTitle "EXT 2015"]
[Source "ChessBase"]
[SourceDate "2014.11.20"]
[SourceVersion "1"]
[SourceVersionDate "2014.11.20"]
[SourceQuality "1"]

1. d4 Nf6 2. c4 c5 3. d5 b5 4. cxb5 a6 5. bxa6 g6 6. Nc3 Bxa6 7. g3 d6 8. Bg2 Bg7 9. Nf3 0-0 10. 0-0 Nbd7 11. Rb1 Qa5 12. Qc2 Rfb8 13. b3 Ng4 14. Bb2 Nge5 15. Nxe5 Nxe5 16. Rfc1 c4 17. Ba1 Rb7 18. Nd1 Rab8 19. f4 Nd7 20. Bxg7 Kxg7 21. Ne3 cxb3 22. axb3 Qc5 23. Qb2+ 1-0

[Event "Maastricht Limburg op-B 8th"]
[Site "Maastricht"]
[Date "2014.06.07"]
[Round "2"]
[White "Bekedam, Tyro"]
[Black "Senders, Justin"]
[Result "0-1"]
[WhiteElo "1809"]
[BlackElo "1957"]
[PlyCount "114"]
[EventDate "2014.06.06"]
[EventType "swiss"]
[EventRounds "7"]
[EventCountry "NED"]
[SourceTitle "EXT 2015"]
[Source "ChessBase"]
[SourceDate "2014.11.20"]
[SourceVersion "1"]
[SourceVersionDate "2014.11.20"]
[SourceQuality "1"]

1. e4 Nf6 2. Nc3 e5 3. Nf3 Nc6 4. d4 exd4 5. Nxd4 Bb4 6. Nxc6 bxc6 7. Bd3 d5 8. exd5 cxd5 9. 0-0 0-0 10. Bg5 c6 11. Qf3 Be7 12. Rfe1 h6 13. Bh4 Be6 14. h3 Rb8 15. Rab1 Qd7 16. Na4 Rb4 17. Bxf6 Bxf6 18. Nc5 Qd6 19. Nxe6 fxe6 20. Qh5 Bd4 21. Re2 Qg3 22. Kh1 Bxf2 23. Rxf2 Qxf2 24. Qg6 Qf6 25. Qh7+ Kf7 26. Rf1 Rf4 27. Bg6+ Ke7 28. Rxf4 Qxf4 29. Qxg7+ Kd6 30. Bd3 e5 31. Qxa7 e4 32. Qa3+ Ke6 33. Be2 Qd6 34. Qe3 Qf4 35. Qc3 Qd6 36. Qe3 Rf6 37. Bg4+ Kf7 38. Be2 Kg7 39. c4 Qe5 40. cxd5 cxd5 41. Qc5 Re6 42. Kg1 d4 43. Qc8 d3 44. Bd1 Re7 45. Bb3 e3 46. Qg4+ Kf6 47. Qh4+ Kg6 48. Qg4+ Qg5 49. Qd4 e2 50. Qxd3+ Kg7 51. Qd4+ Qf6 52. Qg4+ Qg6 53. Qd4+ Kh7 54. Bg8+ Kxg8 55. Qd8+ Kf7 56. Qd5+ Kg7 57. Qd4+ Kh7 0-1

[Event "Maastricht Limburg op-B 6th"]
[Site "Maastricht"]
[Date "2012.05.27"]
[Round "4"]
[White "Senders, Justin"]
[Black "Huebben, Dominik"]
[Result "1-0"]
[WhiteElo "1902"]
[BlackElo "1820"]
[PlyCount "75"]
[EventDate "2012.05.25"]
[EventType "swiss"]
[EventRounds "7"]
[EventCountry "NED"]
[SourceTitle "EXT 2013"]
[Source "ChessBase"]
[SourceDate "2012.11.22"]
[SourceVersion "1"]
[SourceVersionDate "2012.11.22"]
[SourceQuality "1"]

1. e4 e6 2. d4 d5 3. Nc3 Bb4 4. e5 Ne7 5. a3 Bxc3+ 6. bxc3 c5 7. Qg4 Qc7 8. Qxg7 Rg8 9. Qxh7 cxd4 10. Ne2 Nbc6 11. f4 dxc3 12. Qd3 d4 13. Nxd4 Nxd4 14. Qxd4 Bd7 15. Rb1 Nf5 16. Qf2 Bc6 17. Rg1 Rd8 18. Bd3 Rxd3 19. cxd3 Qd8 20. g4 Nd4 21. Rg3 Qd5 22. Kf1 Nf3 23. Rxf3 Qxf3 24. Qxf3 Bxf3 25. g5 Ke7 26. Kf2 Bd5 27. Rb5 b6 28. f5 Kd7 29. f6 Rh8 30. Kg3 Bb7 31. h4 Ba6 32. Rb4 Kc6 33. Rd4 Bb7 34. Kg4 Kc7 35. Rc4+ Kd7 36. Rxc3 Bg2 37. h5 Bf1 38. Rc2 1-0

[Event "Maastricht Limburg op-B 6th"]
[Site "Maastricht"]
[Date "2012.05.26"]
[Round "2"]
[White "Marinc, Damir"]
[Black "Senders, Justin"]
[Result "1-0"]
[WhiteElo "2012"]
[BlackElo "1902"]
[PlyCount "71"]
[EventDate "2012.05.25"]
[EventType "swiss"]
[EventRounds "7"]
[EventCountry "NED"]
[SourceTitle "EXT 2013"]
[Source "ChessBase"]
[SourceDate "2012.11.22"]
[SourceVersion "1"]
[SourceVersionDate "2012.11.22"]
[SourceQuality "1"]

1. e4 c5 2. Nf3 d6 3. Bb5+ Bd7 4. Bxd7+ Qxd7 5. 0-0 Nc6 6. c3 Nf6 7. Re1 e6 8. d4 cxd4 9. cxd4 Be7 10. Nc3 0-0 11. h3 Rac8 12. Bf4 a6 13. d5 Nd8 14. a4 e5 15. Bh2 b6 16. Qd3 Qa7 17. Bxe5 dxe5 18. d6 Nc6 19. dxe7 Qxe7 20. Qxa6 Nb4 21. Qe2 Rc6 22. Red1 Rfc8 23. Rd2 Nh5 24. g3 Rg6 25. Kh2 Rh6 26. Nh4 Nf4 27. Qg4 Qe6 28. Nf5 Rg6 29. Ne7+ Kf8 30. Qxe6 Nxe6 31. Nxc8 Nd4 32. Kg2 Rc6 33. Na7 Rc5 34. Nab5 Nb3 35. Rd8+ Ke7 36. Rad1 1-0